Pokémon - Les attaques de Wimessir ♂ - Statistiques

Statistiques générales
  • Ce quiz a été pris 10 fois
  • Le résultat moyen est 7 sur 13
Statistiques - réponses
Niveaux Types Noms des attaques % Correct
Niveau 35 Psy Psyko
100%
Niveau 10 Fée Voix Enjôleuse
83%
Niveau 15 Psy Rafale Psy
67%
Niveau 30 Plante Aromathérapie
50%
Niveau 50 Psy Champ Psychique
50%
Niveau 20 Normal Coup d'Main
50%
Départ Psy Force Ajoutée
50%
Niveau 40 Psy Plénitude
50%
Niveau 25 Normal Après Vous
33%
Départ Normal Camaraderie
33%
Niveau 5 Normal Encore
33%
Niveau 45 Psy Partage Force
33%
Niveau 55 Normal Dernier Recours
17%
Aucun quiz correspondant
Distribution des résultats
% des personnes avec chaque résultat
Percentile par nombre de réponses
Votre historique - résultats
Vous n’avez pas pris ce quiz